La Charente-Maritime en images - Statistiques

Statistiques générales
  • Ce quiz a été pris 255 fois
    253 depuis la dernière actualisation
  • Le résultat moyen est 11 sur 18
Statistiques - réponses
Par images Hint Réponse % Correct
Spécialité Huitres
98%
Forteresse Fort Boyard
97%
Préfecture La Rochelle
97%
Ile Ile de Ré
95%
Ile Ile d'Oléron
92%
Station Balnéaire Royan
77%
Zoo Zoo de la Palmyre
73%
Ville Rochefort
70%
Festival Francofolies
67%
Estuaire Estuaire de la Gironde
64%
Club sportif Stade Rochelais
64%
Ancienne province Saintonge
42%
Pont Pont transbordeur
40%
Ville Saint-Jean-d'Angély
38%
Port de plaisance Port des Minimes
31%
Explorateur, fondateur de Québec Samuel de Champlain
30%
Type de pêche Pêche au carrelet
29%
Spationaute Jean-Loup Chrétien
19%
Aucun quiz correspondant
Distribution des résultats
% des personnes avec chaque résultat
Percentile par nombre de réponses
Votre historique - résultats
Vous n’avez pas pris ce quiz depuis la dernière actualisation